| 000 | 01162cam a22003497a 4500 | ||
|---|---|---|---|
| 003 | CHAP | ||
| 005 | 20220329140259.0 | ||
| 008 | 971013s1971 r 00010 d | ||
| 010 | _a49695 | ||
| 011 | _a50667 | ||
| 035 | _a54817 | ||
| 040 | _cCHAP | ||
| 082 |
_a333.098 _bF44 |
||
| 100 | 0 | 0 |
_aFeder, Ernest. _939911 |
| 245 | 1 | 4 |
_aThe rape of the peasantry _b: Latin America's landholding system |
| 260 |
_aGarden City, N. Y. : _bDaubleday, _c1971 |
||
| 300 | _a304 p. | ||
| 490 | 2 | _aA Dcubleday anchor original, A794 | |
| 590 |
_aBATCH-UPD _b10 _c20130110 _lUCH01 _h0022 |
||
| 590 |
_aBATCH-UPD _b10 _c20130110 _lUCH01 _h0730 |
||
| 590 |
_aBATCH-UPD _b10 _c20130409 _lUCH01 _h2002 |
||
| 590 |
_aBATCH-UPD _b10 _c20130410 _lUCH01 _h0413 |
||
| 590 |
_aBATCH-UPD _b10 _c20130914 _lUCH01 _h0827 |
||
| 590 |
_aCONVERSION _b10 _c20130109 _lUCH01 _h1327 |
||
| 650 | 1 | 4 |
_aCampesinado. _917993 |
| 650 | 1 | 4 |
_aReforma agraria _xAmérica Latina. _995523 |
| 650 | 1 | 4 |
_aTierras _xTenencia _xAmérica Latina. _9113135 |
| 830 | 2 |
_aA Dcubleday anchor original, A794 _965 |
|
| 901 | _aBK | ||
| 942 | _cLIBRO | ||
| 949 |
_a333.098 F44 _bBC _cLIBRO _d33724000329025 _eLIBRO _h34578 _i54817 _si |
||
| 999 |
_c49695 _d49695 |
||